000 00592nam a2200217 a 4500
001 50683
003 BD-RjUL
005 20211209075540.0
008 160828s1987 bg ||||| |||| 00| 0 eng d
035 _a(BD-RjUL)50803
040 _aBD-RjUL
_beng
_cBD-RjUL
041 _aeng
082 _223
_a500
_bALS 1987
100 _a Ali, M Innas
_9151747
245 1 0 _aScience, technology and development of the world /
_cM Innas
260 _aDhaka :
_bDhaka university press,
_c1987
300 _a98 p.;
_c21 cm.
504 _aIncludes Bibliography
650 _aScience
_9151748
942 _2ddc
_cBK
999 _c50683
_d50683